[Event "Tradewise Gibraltar Chess Festival 2013"]
[Site "Gibraltar ENG"]
[Date "2013.01.22"]
[Round "1.1"]
[White "Ivanchuk, Vassily"]
[Black "Zygouris, Hristos"]
[Result "1/2-1/2"]
[WhiteElo "2758"]
[BlackElo "2218"]
[PlyCount "61"]
[EventDate "2013.01.22"]
[EventType "swiss"]
[EventRounds "10"]
[EventCountry "ENG"]
[Source "lmi"]
[SourceDate "2013.01.22"]

1. d4 Nf6 2. c4 e6 3. Nc3 d5 4. Bg5 Be7 5. e3 h6 6. Bh4 O-O 7. Rc1 dxc4 8. Bxc4
c5 9. dxc5 Qxd1+ 10. Kxd1 Bxc5 11. Nf3 Nc6 12. Ke2 Bd7 13. Rhd1 Rfd8 14. e4 g5
15. Bg3 Be8 16. h3 Rac8 17. Kf1 Kf8 18. a3 Nd4 19. Be5 Be7 20. Rxd4 Rxd4 21.
Bxd4 Rxc4 22. Rd1 b6 23. Ne5 Rc8 24. f3 Nd7 25. Nd3 Nb8 26. Ne2 Bb5 27. Ke1 Nc6
28. Bc3 Rd8 29. Nf2 Rxd1+ 30. Nxd1 f6 31. Ne3 1/2-1/2

[Event "Tradewise Gibraltar Chess Festival 2013"]
[Site "Gibraltar ENG"]
[Date "2013.01.22"]
[Round "1.3"]
[White "Adams, Michael"]
[Black "Lind, Jan-Olof"]
[Result "1-0"]
[WhiteElo "2725"]
[BlackElo "2217"]
[PlyCount "111"]
[EventDate "2013.01.22"]
[EventType "swiss"]
[EventRounds "10"]
[EventCountry "ENG"]
[Source "lmi"]
[SourceDate "2013.01.22"]

1. c4 Nf6 2. g3 g6 3. Bg2 Bg7 4. Nc3 O-O 5. d4 d6 6. Nf3 Nbd7 7. O-O a6 8. e4
c5 9. e5 dxe5 10. dxe5 Ng4 11. e6 fxe6 12. Na4 Qa5 13. Bd2 Qc7 14. Qe1 Nde5 15.
Ba5 Nxf3+ 16. Bxf3 Ne5 17. Bg2 b6 18. Nxb6 Rb8 19. Na4 Qd7 20. Bc3 Nf3+ 21.
Bxf3 Rxf3 22. Nxc5 Qc6 23. Bxg7 Qxc5 24. Qe5 Qxe5 25. Bxe5 Rb4 26. b3 a5 27.
Rfd1 a4 28. Rd8+ Rf8 29. Rxf8+ Kxf8 30. Bc3 Rb7 31. b4 Rc7 32. c5 Bd7 33. Rd1
Ke8 34. Re1 Kf7 35. Rd1 Ke8 36. a3 Bc6 37. f4 Rd7 38. Bd4 Rd5 39. Rd2 Kd7 40.
Kf2 Bb5 41. Ke3 Kc6 42. h4 Bc4 43. Rc2 Bb5 44. Rc1 Ba6 45. g4 Bb5 46. g5 Rf5
47. h5 gxh5 48. Rh1 Bc4 49. Rxh5 Rf7 50. Be5 Bd5 51. Kd4 Bb3 52. g6 hxg6 53.
Rh8 Bd5 54. Rb8 Rh7 55. b5+ Kd7 56. Rb6 1-0

[Event "Tradewise Gibraltar Chess Festival 2013"]
[Site "Gibraltar ENG"]
[Date "2013.01.22"]
[Round "1.4"]
[White "Urbina Perez, Juan Antonio"]
[Black "Wojtaszek, Radoslaw"]
[Result "0-1"]
[WhiteElo "2214"]
[BlackElo "2723"]
[PlyCount "100"]
[EventDate "2013.01.22"]
[EventType "swiss"]
[EventRounds "10"]
[EventCountry "ENG"]
[Source "lmi"]
[SourceDate "2013.01.22"]

1. e4 c5 2. Nf3 d6 3. d4 cxd4 4. Nxd4 Nf6 5. Nc3 a6 6. Be3 e6 7. Be2 Qc7 8. f4
b5 9. a3 Bb7 10. Bf3 Nbd7 11. O-O Be7 12. Kh1 O-O 13. Qe2 Nb6 14. Bg1 Nc4 15.
Nd1 Rac8 16. c3 Rfe8 17. Ne3 Bf8 18. Rae1 e5 19. fxe5 Nxe5 20. Nd5 Bxd5 21.
exd5 Qc4 22. Qd2 Nxf3 23. Nxf3 Qxd5 24. Rxe8 Rxe8 25. Bd4 Ne4 26. Qf4 h6 27.
Nd2 Nc5 28. Bxc5 dxc5 29. c4 Qe6 30. Nf3 g5 31. Qc1 Qxc4 32. Qxc4 bxc4 33. Nd2
c3 34. bxc3 Re2 35. Rd1 Bg7 36. Nb3 c4 37. Nd2 Bxc3 38. Nxc4 Re4 39. Nb6 Rd4
40. Rxd4 Bxd4 41. Nd5 Bc5 42. a4 f5 43. g4 fxg4 44. Nf6+ Kf7 45. Nxg4 h5 46.
Ne5+ Ke6 47. Nf3 Be3 48. Kg2 Kd5 49. Ne1 Kc4 50. Kf3 Bd2 0-1

[Event "Tradewise Gibraltar Chess Festival 2013"]
[Site "Gibraltar ENG"]
[Date "2013.01.22"]
[Round "1.6"]
[White "Bird, Andrew"]
[Black "Navara, David"]
[Result "0-1"]
[WhiteElo "2223"]
[BlackElo "2710"]
[PlyCount "82"]
[EventDate "2013.01.22"]
[EventType "swiss"]
[EventRounds "10"]
[EventCountry "ENG"]
[Source "lmi"]
[SourceDate "2013.01.22"]

1. d4 Nf6 2. c4 e6 3. Nf3 c5 4. d5 b5 5. Bf4 Qa5+ 6. Nc3 exd5 7. cxd5 b4 8. Nb1
d6 9. Nbd2 Nh5 10. Bg5 h6 11. Bh4 g5 12. Bg3 Nxg3 13. hxg3 Bg7 14. Nc4 Qc7 15.
Qc2 a5 16. Nfd2 a4 17. Rd1 O-O 18. e3 b3 19. axb3 Na6 20. bxa4 Nb4 21. Qb1 Rxa4
22. Be2 Ra1 23. Qxa1 Nc2+ 24. Kf1 Nxa1 25. Rxa1 Bb7 26. Bf3 f5 27. Kg1 g4 28.
Be2 Bxd5 29. Kh2 Rb8 30. Ra6 Bxg2 31. Rha1 Bc6 32. Na5 Bd5 33. Nac4 Bc6 34. Na5
Bb5 35. Bxb5 Rxb5 36. Nac4 d5 37. Nd6 Rxb2 38. Ne8 Qe5 39. Ra8 Rxd2 40. R1a7
Rxf2+ 41. Kh1 Qe4+ 0-1

[Event "Tradewise Gibraltar Chess Festival 2013"]
[Site "Gibraltar ENG"]
[Date "2013.01.22"]
[Round "1.7"]
[White "Shirov, Alexei"]
[Black "Valgmae, Toomas"]
[Result "1-0"]
[WhiteElo "2708"]
[BlackElo "2218"]
[PlyCount "65"]
[EventDate "2013.01.22"]
[EventType "swiss"]
[EventRounds "10"]
[EventCountry "ENG"]
[Source "lmi"]
[SourceDate "2013.01.22"]

1. e4 d6 2. d4 Nf6 3. Nc3 g6 4. f4 Bg7 5. Nf3 O-O 6. Bd3 c5 7. dxc5 dxc5 8. e5
Nd5 9. Nxd5 Qxd5 10. Qe2 Bg4 11. Be4 Qd7 12. Be3 Na6 13. O-O Rab8 14. h3 Bf5
15. Rad1 Qc8 16. Bf2 Bh6 17. Bh4 f6 18. exf6 exf6 19. Bd5+ Kh8 20. g4 Bxg4 21.
hxg4 Qxg4+ 22. Qg2 Qxg2+ 23. Kxg2 Bxf4 24. Rfe1 Nb4 25. Bf2 Nxd5 26. Rxd5 Rf7
27. Bxc5 a6 28. Re7 Kg8 29. Rxf7 Kxf7 30. Rd7+ Ke6 31. Rxh7 Rc8 32. Bf2 Rc7 33.
Rh8 1-0

[Event "Tradewise Gibraltar Chess Festival 2013"]
[Site "Gibraltar ENG"]
[Date "2013.01.22"]
[Round "1.8"]
[White "Marttala, Thomas"]
[Black "Le, Quang Liem"]
[Result "0-1"]
[WhiteElo "2217"]
[BlackElo "2705"]
[PlyCount "94"]
[EventDate "2013.01.22"]
[EventType "swiss"]
[EventRounds "10"]
[EventCountry "ENG"]
[Source "lmi"]
[SourceDate "2013.01.22"]

1. e4 c5 2. Nc3 d6 3. g3 g6 4. Bg2 Bg7 5. d3 Nc6 6. Nge2 e6 7. O-O Nge7 8. Bg5
h6 9. Be3 O-O 10. d4 b6 11. dxc5 dxc5 12. Qc1 Kh7 13. Rd1 Qc7 14. Nb5 Qb8 15.
a4 e5 16. Qd2 Nd4 17. Bxd4 exd4 18. c3 a6 19. Na3 Nc6 20. cxd4 Nxd4 21. Nxd4
Bxd4 22. Rab1 Rd8 23. Qe2 Be6 24. b3 Ra7 25. Nc2 Qe5 26. Kh1 Rad7 27. f4 Qc7
28. Qf1 Bg7 29. Rxd7 Qxd7 30. Ne3 Qd3 31. Nd5 Qxf1+ 32. Bxf1 Rd6 33. Rd1 Kh8
34. Bxa6 f5 35. Bc4 fxe4 36. Kg2 Bg4 37. Re1 Bf3+ 38. Kh3 g5 39. Ne3 Bc3 40.
Rf1 Rd2 41. Rc1 Bd4 42. Nf1 Rf2 43. fxg5 hxg5 44. Re1 Kg7 45. Ne3 Bxe3 46. Rxe3
g4+ 47. Kh4 Kf6 0-1

[Event "Tradewise Gibraltar Chess Festival 2013"]
[Site "Gibraltar ENG"]
[Date "2013.01.22"]
[Round "1.9"]
[White "Short, Nigel D"]
[Black "Sanchez Castillo, Sarai"]
[Result "1-0"]
[WhiteElo "2696"]
[BlackElo "2212"]
[PlyCount "45"]
[EventDate "2013.01.22"]
[EventType "swiss"]
[EventRounds "10"]
[EventCountry "ENG"]
[Source "lmi"]
[SourceDate "2013.01.22"]

1. d4 d5 2. c4 c6 3. Nf3 Nf6 4. Nc3 e6 5. g3 Nbd7 6. Bg2 Bd6 7. O-O O-O 8. Nd2
h6 9. e4 dxe4 10. Ndxe4 Bc7 11. Re1 Nxe4 12. Nxe4 f5 13. Nc3 f4 14. b3 e5 15.
Ba3 exd4 16. Be7 Qe8 17. Bxf8 Qxf8 18. Qxd4 fxg3 19. hxg3 Nf6 20. Ne4 Ng4 21.
Rad1 Qf5 22. c5 Be6 23. Nd6 1-0

[Event "Tradewise Gibraltar Chess Festival 2013"]
[Site "Gibraltar ENG"]
[Date "2013.01.22"]
[Round "1.10"]
[White "Semprun Martinez, Fernando"]
[Black "Vitiugov, Nikita"]
[Result "0-1"]
[WhiteElo "2201"]
[BlackElo "2694"]
[PlyCount "86"]
[EventDate "2013.01.22"]
[EventType "swiss"]
[EventRounds "10"]
[EventCountry "ENG"]
[Source "lmi"]
[SourceDate "2013.01.22"]

1. e4 c6 2. d4 d5 3. e5 Bf5 4. Nf3 e6 5. Be2 Ne7 6. O-O Nc8 7. Nbd2 Be7 8. Nb3
O-O 9. a4 Nd7 10. Be3 a5 11. Qd2 Bb4 12. c3 Be7 13. Bg5 Qb6 14. Nc1 Bxg5 15.
Nxg5 h6 16. Nf3 Ne7 17. b4 f6 18. exf6 Rxf6 19. Nd3 Ng6 20. Nc5 Nxc5 21. bxc5
Qc7 22. c4 Be4 23. Ne1 dxc4 24. Bxc4 Rd8 25. Qe3 Qf4 26. Rd1 Bd5 27. Bxd5 Rxd5
28. Nf3 Qg4 29. h3 Qf5 30. Nd2 Nf4 31. Ne4 Rg6 32. Ng3 Qf7 33. Rfe1 h5 34. h4
Qf6 35. Qf3 Qxh4 36. Re4 Rg4 37. Rb1 Rd7 38. Qe3 Rf7 39. Re5 Qf6 40. Nxh5 Rxg2+
41. Kf1 Qg6 42. Nxf4 Rg1+ 43. Ke2 Qxb1 0-1

[Event "Tradewise Gibraltar Chess Festival 2013"]
[Site "Gibraltar ENG"]
[Date "2013.01.22"]
[Round "1.11"]
[White "Yu, Yangyi"]
[Black "Veltkamp, Gerben"]
[Result "1-0"]
[WhiteElo "2688"]
[BlackElo "2200"]
[PlyCount "101"]
[EventDate "2013.01.22"]
[EventType "swiss"]
[EventRounds "10"]
[EventCountry "ENG"]
[Source "lmi"]
[SourceDate "2013.01.22"]

1. e4 e5 2. Nf3 Nc6 3. d4 exd4 4. Nxd4 Nf6 5. Nxc6 bxc6 6. e5 Qe7 7. Qe2 Nd5 8.
c4 Nb6 9. Nd2 Bb7 10. b3 O-O-O 11. Bb2 Re8 12. O-O-O f6 13. exf6 Qf7 14. Qf3
Rg8 15. fxg7 Qxf3 16. Nxf3 Bxg7 17. Bxg7 Rxg7 18. Re1 Rxe1+ 19. Nxe1 c5 20. Rg1
Kd8 21. Nd3 d6 22. Nf4 Ke7 23. Bd3 Nd7 24. Re1+ Ne5 25. Be4 Rf7 26. Nd3 Nxd3+
27. Bxd3+ Kf8 28. f3 Bc8 29. Kd2 Bd7 30. Re3 Kg7 31. Ke2 Kf6 32. Kf2 Rg7 33. g4
h5 34. h3 Kg5 35. Kg3 h4+ 36. Kf2 Rf7 37. Be2 Bc6 38. Bd3 Kf4 39. Bg6 Rf8 40.
Re7 Bxf3 41. Rxc7 a5 42. Rh7 d5 43. cxd5 Bxd5 44. Rh5 Be4 45. Bxe4 Kxe4+ 46.
Ke2 Kd4 47. g5 Re8+ 48. Kd2 Re4 49. g6 Rf4 50. g7 Rf2+ 51. Kc1 1-0

[Event "Tradewise Gibraltar Chess Festival 2013"]
[Site "Gibraltar ENG"]
[Date "2013.01.22"]
[Round "1.12"]
[White "Sanchez Botella, Luis Javier"]
[Black "Sutovsky, Emil"]
[Result "0-1"]
[WhiteElo "2196"]
[BlackElo "2684"]
[PlyCount "66"]
[EventDate "2013.01.22"]
[EventType "swiss"]
[EventRounds "10"]
[EventCountry "ENG"]
[Source "lmi"]
[SourceDate "2013.01.22"]

1. Nf3 c5 2. c4 Nc6 3. Nc3 Nf6 4. d4 cxd4 5. Nxd4 e6 6. Ndb5 d5 7. cxd5 Nxd5 8.
Nxd5 exd5 9. Qxd5 Bb4+ 10. Bd2 Qe7 11. Nc3 O-O 12. e3 Rd8 13. Qh5 Ne5 14. Be2
g6 15. Qh6 Nd3+ 16. Bxd3 Rxd3 17. Rd1 Bg4 18. f3 Be6 19. a3 Ba5 20. Bc1 Rxd1+
21. Kxd1 Qc5 22. Ke2 Rd8 23. h4 Bb3 24. h5 g5 25. f4 Rd5 26. Kf3 Bxc3 27. bxc3
gxf4 28. Rh4 Bd1+ 29. Kf2 Qxc3 30. Qxf4 Qc2+ 31. Kg1 Bxh5 32. Qb8+ Kg7 33. Qg3+
Bg6 0-1

[Event "Tradewise Gibraltar Chess Festival 2013"]
[Site "Gibraltar ENG"]
[Date "2013.01.22"]
[Round "1.13"]
[White "Fridman, Daniel"]
[Black "Taus, Martin"]
[Result "1-0"]
[WhiteElo "2667"]
[BlackElo "2181"]
[PlyCount "82"]
[EventDate "2013.01.22"]
[EventType "swiss"]
[EventRounds "10"]
[EventCountry "ENG"]
[Source "lmi"]
[SourceDate "2013.01.22"]

1. e4 Nc6 2. Nf3 e6 3. d3 d5 4. Nbd2 Nf6 5. g3 Be7 6. Bg2 O-O 7. O-O b6 8. Re1
Bb7 9. e5 Nd7 10. h4 Na5 11. Nf1 c5 12. h5 d4 13. h6 g6 14. Bf4 b5 15. N1h2 Nb6
16. Qd2 Nd5 17. Bg5 Nc6 18. Ng4 Qb6 19. b3 Rad8 20. Bxe7 Ncxe7 21. Ng5 Rb8 22.
Ne4 Qd8 23. Nxc5 Ba8 24. Ne4 Kh8 25. a4 b4 26. Nd6 f5 27. exf6 Qxd6 28. fxe7
Nxe7 29. Bxa8 Rxa8 30. Qe2 Nf5 31. Qxe6 Qxe6 32. Rxe6 Rac8 33. Re2 Rc7 34. a5
Kg8 35. Ra4 Rb7 36. a6 Rb6 37. Ra5 Rc6 38. Rb5 Rxa6 39. Rb7 Rc6 40. Rxa7 Rfc8
41. Rb7 R6c7 1-0

[Event "Tradewise Gibraltar Chess Festival 2013"]
[Site "Gibraltar ENG"]
[Date "2013.01.22"]
[Round "1.14"]
[White "Jaunooby, Ali R"]
[Black "Iturrizaga, Eduardo"]
[Result "0-1"]
[WhiteElo "2178"]
[BlackElo "2650"]
[PlyCount "78"]
[EventDate "2013.01.22"]
[EventType "swiss"]
[EventRounds "10"]
[EventCountry "ENG"]
[Source "lmi"]
[SourceDate "2013.01.22"]

1. d4 Nf6 2. c4 c5 3. d5 b5 4. a4 bxc4 5. Nc3 d6 6. e4 Ba6 7. f4 e6 8. Nf3 exd5
9. exd5 Nbd7 10. Nd2 Nb6 11. Qf3 Qe7+ 12. Kf2 Qb7 13. a5 Nbxd5 14. Bxc4 Nb4 15.
Re1+ Be7 16. Bxa6 Qxf3+ 17. Kxf3 Nxa6 18. Nc4 Kd7 19. g4 Nb4 20. Ne3 Kc6 21. g5
Nd7 22. Rd1 h6 23. Ncd5 Nxd5 24. Nxd5 Bd8 25. h4 hxg5 26. hxg5 Rb8 27. Ra3 Rh3+
28. Kg4 Rxa3 29. bxa3 Rb1 30. Nc3 Rb3 31. Nd5 g6 32. Ne3 Bxa5 33. Nc4 Bc7 34.
Rxd6+ Bxd6 35. Na5+ Kd5 36. Nxb3 c4 37. Na1 Ke4 38. Nc2 c3 39. Ne1 Nc5 0-1

[Event "Tradewise Gibraltar Chess Festival 2013"]
[Site "Gibraltar ENG"]
[Date "2013.01.22"]
[Round "1.15"]
[White "Tkachiev, Vladislav"]
[Black "Meyer, Kai-Christian"]
[Result "1-0"]
[WhiteElo "2650"]
[BlackElo "2177"]
[PlyCount "101"]
[EventDate "2013.01.22"]
[EventType "swiss"]
[EventRounds "10"]
[EventCountry "ENG"]
[Source "lmi"]
[SourceDate "2013.01.22"]

1. c4 e6 2. g3 Nf6 3. Bg2 Be7 4. Nf3 O-O 5. O-O c6 6. Nc3 d5 7. d4 Nbd7 8. b3
b6 9. Nd2 Bb7 10. e4 dxe4 11. Ndxe4 Nxe4 12. Nxe4 Nf6 13. Be3 Qd7 14. Qc2 Rfd8
15. Rad1 Nxe4 16. Bxe4 h6 17. Rfe1 Bb4 18. Rf1 Be7 19. Qc1 Bf6 20. Rfe1 Rac8
21. b4 Qe7 22. c5 Rd7 23. Rd2 b5 24. h4 h5 25. Qd1 g6 26. Qf3 Qd8 27. Red1 Bg7
28. Bg5 Qc7 29. a4 a6 30. Bf4 Qd8 31. axb5 axb5 32. Qc3 Bf6 33. Be5 Kg7 34. Rd3
Ra8 35. Bxf6+ Qxf6 36. Rf3 Qd8 37. d5+ Kg8 38. d6 f5 39. Bc2 Kf7 40. Bb3 Qf6
41. Re1 Re8 42. Re5 Bc8 43. Qa1 Kg7 44. Bd1 Rf7 45. Ra3 Bd7 46. f4 Kg8 47. Ra7
Rc8 48. Bf3 Qd8 49. Re3 Qe8 50. Rea3 Rf8 51. Rxd7 1-0

[Event "Tradewise Gibraltar Chess Festival 2013"]
[Site "Gibraltar ENG"]
[Date "2013.01.22"]
[Round "1.16"]
[White "Seyfried, Claus"]
[Black "Georgiev, Kiril"]
[Result "0-1"]
[WhiteElo "2177"]
[BlackElo "2643"]
[PlyCount "70"]
[EventDate "2013.01.22"]
[EventType "swiss"]
[EventRounds "10"]
[EventCountry "ENG"]
[Source "lmi"]
[SourceDate "2013.01.22"]

1. e4 c5 2. c3 d5 3. exd5 Qxd5 4. d4 Bf5 5. Nf3 Nc6 6. Nbd2 Nf6 7. Bc4 Qd6 8.
dxc5 Qxc5 9. O-O e6 10. b4 Qb6 11. Qa4 Be7 12. Nd4 O-O 13. Nxf5 exf5 14. Nf3
Ne4 15. Qb3 Nxc3 16. Qxc3 Bf6 17. Qd3 Bxa1 18. Be3 Bd4 19. Nxd4 Ne5 20. Qe2
Qxb4 21. Bb3 g6 22. Rb1 Qe7 23. Bh6 Rfc8 24. Re1 Re8 25. Ne6 Ng4 26. Qb2 Qf6
27. Qxf6 Nxf6 28. Bg5 Nh5 29. Rd1 fxe6 30. Rd7 b5 31. Be7 Nf4 32. Bf6 Nd5 33.
Rg7+ Kf8 34. Be5 Re7 35. Bxd5 exd5 0-1

[Event "Tradewise Gibraltar Chess Festival 2013"]
[Site "Gibraltar ENG"]
[Date "2013.01.22"]
[Round "1.18"]
[White "Byron, Alan M"]
[Black "Bartel, Mateusz"]
[Result "0-1"]
[WhiteElo "2167"]
[BlackElo "2629"]
[PlyCount "76"]
[EventDate "2013.01.22"]
[EventType "swiss"]
[EventRounds "10"]
[EventCountry "ENG"]
[Source "lmi"]
[SourceDate "2013.01.22"]

1. e4 e5 2. Nf3 Nc6 3. Bb5 a6 4. Ba4 Nge7 5. c3 g6 6. O-O Bg7 7. d4 exd4 8.
cxd4 b5 9. Bb3 O-O 10. Nc3 d6 11. h3 Na5 12. Bc2 c5 13. dxc5 dxc5 14. Qxd8 Rxd8
15. Be3 Nb7 16. e5 Nc6 17. Be4 Nxe5 18. Nxe5 Bxe5 19. Nd5 Re8 20. Nb6 Rb8 21.
Bc6 Rd8 22. Rad1 Be6 23. Bxb7 Rxd1 24. Rxd1 Rxb7 25. Bxc5 Bxb2 26. Rd8+ Kg7 27.
Ra8 Bxa2 28. Bf8+ Kf6 29. Rxa6 Be6 30. Nd5+ Kf5 31. Ne3+ Ke4 32. Bb4 Bd4 33.
Ra3 Ra7 34. Nc2 Rxa3 35. Nxa3 Bd7 36. Kf1 Kd3 37. Nb1 Bc6 38. f3 Kc2 0-1

[Event "Tradewise Gibraltar Chess Festival 2013"]
[Site "Gibraltar ENG"]
[Date "2013.01.22"]
[Round "1.21"]
[White "Salgado Lopez, Ivan"]
[Black "Herbold, Manfred"]
[Result "1-0"]
[WhiteElo "2606"]
[BlackElo "2164"]
[PlyCount "57"]
[EventDate "2013.01.22"]
[EventType "swiss"]
[EventRounds "10"]
[EventCountry "ENG"]
[Source "lmi"]
[SourceDate "2013.01.22"]

1. e4 Nc6 2. Nf3 f5 3. e5 d6 4. exd6 Qxd6 5. d4 Nf6 6. Nc3 a6 7. g3 e5 8. dxe5
Qxd1+ 9. Nxd1 Ne4 10. c3 Be7 11. Ne3 Be6 12. Be2 Rd8 13. O-O Kf7 14. Nc2 h6 15.
Ncd4 Nxd4 16. Nxd4 Bc8 17. Be3 g5 18. f3 Nc5 19. a4 Kg6 20. g4 Rxd4 21. cxd4
Nb3 22. Rad1 h5 23. Bd3 c5 24. d5 c4 25. Bxc4 Bc5 26. Rfe1 Bxe3+ 27. Rxe3 Nc5
28. gxh5+ Rxh5 29. a5 1-0

[Event "Tradewise Gibraltar Chess Festival 2013"]
[Site "Gibraltar ENG"]
[Date "2013.01.22"]
[Round "1.22"]
[White "Lee, Kai Jie Edward"]
[Black "Ehlvest, Jaan"]
[Result "0-1"]
[WhiteElo "2164"]
[BlackElo "2603"]
[PlyCount "74"]
[EventDate "2013.01.22"]
[EventType "swiss"]
[EventRounds "10"]
[EventCountry "ENG"]
[Source "lmi"]
[SourceDate "2013.01.22"]

1. e4 e5 2. Nf3 Nc6 3. Bb5 d6 4. c3 Bd7 5. d3 g6 6. Nbd2 Bg7 7. Nf1 Nf6 8. Bg5
a6 9. Ba4 b5 10. Bc2 h6 11. Bh4 O-O 12. Ne3 Qe8 13. Qd2 Nh5 14. g4 Nf4 15. Bg3
Ne7 16. O-O-O b4 17. cxb4 Rb8 18. h3 Be6 19. Rde1 Bxa2 20. b3 Nc6 21. Bxf4 exf4
22. Nd5 a5 23. Bd1 Nxb4 24. Nxb4 axb4 25. Qxa2 Ra8 26. Qc2 Bc3 27. Nd2 Ra1+ 28.
Nb1 Qa8 29. Bf3 Ra2 30. Nxc3 Rxc2+ 31. Kxc2 Qc6 32. Kd2 Qxc3+ 33. Ke2 Ra8 34.
Kf1 Ra1 35. Rxa1 Qxa1+ 36. Kg2 Qc3 37. Rb1 Qxd3 0-1

[Event "Tradewise Gibraltar Chess Festival 2013"]
[Site "Gibraltar ENG"]
[Date "2013.01.22"]
[Round "1.23"]
[White "David, Alberto"]
[Black "Osuna Vega, Enrique"]
[Result "1-0"]
[WhiteElo "2599"]
[BlackElo "2157"]
[PlyCount "85"]
[EventDate "2013.01.22"]
[EventType "swiss"]
[EventRounds "10"]
[EventCountry "ENG"]
[Source "lmi"]
[SourceDate "2013.01.22"]

1. g3 c5 2. Bg2 g6 3. e4 Bg7 4. d3 Nc6 5. f4 d6 6. Nf3 Rb8 7. O-O e6 8. Nc3
Nge7 9. Be3 O-O 10. Bf2 b5 11. a3 a5 12. Rb1 b4 13. axb4 cxb4 14. Na4 Ba6 15.
c4 bxc3 16. bxc3 Rxb1 17. Qxb1 Qc7 18. Rc1 Rb8 19. Qc2 Bb5 20. Nb2 d5 21. e5
Rc8 22. Qd1 Nb4 23. Nd4 Ba6 24. Ne2 Na2 25. Rc2 Nb4 26. Rd2 Nbc6 27. Na4 Rb8
28. Nc5 Bc8 29. Qa1 Qb6 30. Bf1 Qb1 31. Qa4 Qb5 32. Qxb5 Rxb5 33. c4 Rb8 34.
Nc3 dxc4 35. dxc4 h5 36. Nb5 Bf8 37. Bg2 Kg7 38. Be3 Nb4 39. Nd7 Bxd7 40. Rxd7
Nec6 41. Rc7 Ne7 42. Nd6 Kg8 43. Ba7 1-0

[Event "Tradewise Gibraltar Chess Festival 2013"]
[Site "Gibraltar ENG"]
[Date "2013.01.22"]
[Round "1.24"]
[White "Pena Riasco, Alexander"]
[Black "Sandipan, Chanda"]
[Result "0-1"]
[WhiteElo "2156"]
[BlackElo "2590"]
[PlyCount "84"]
[EventDate "2013.01.22"]
[EventType "swiss"]
[EventRounds "10"]
[EventCountry "ENG"]
[Source "lmi"]
[SourceDate "2013.01.22"]

1. e4 c5 2. Nf3 d6 3. d4 cxd4 4. Nxd4 Nf6 5. Nc3 a6 6. Be3 e6 7. Bd3 b5 8. a3
Bb7 9. O-O Nbd7 10. f4 g6 11. Qf3 Bg7 12. Rae1 O-O 13. Kh1 Rc8 14. Qh3 Nc5 15.
Bf2 e5 16. Nb3 exf4 17. Bh4 Qd7 18. Qxd7 Nfxd7 19. Nxc5 Nxc5 20. Rxf4 Nxd3 21.
cxd3 Bxc3 22. bxc3 Rxc3 23. Be7 Re8 24. Bxd6 Rxd3 25. Bb4 a5 26. Bxa5 Rxa3 27.
Bd2 Ra2 28. Rf2 Rxe4 29. Rxe4 Bxe4 30. Kg1 f5 31. h3 Kf7 32. g4 Ke6 33. Kh2 b4
34. Kg3 b3 35. Bc3 Kd5 36. Rxa2 bxa2 37. Kf4 Kc4 38. Be5 Kd3 39. Bh8 Kc2 40. h4
Kb1 41. h5 fxg4 42. hxg6 Bxg6 0-1

[Event "Tradewise Gibraltar Chess Festival 2013"]
[Site "Gibraltar ENG"]
[Date "2013.01.22"]
[Round "1.25"]
[White "Kulaots, Kaido"]
[Black "Baert, Andy"]
[Result "1-0"]
[WhiteElo "2587"]
[BlackElo "2154"]
[PlyCount "61"]
[EventDate "2013.01.22"]
[EventType "swiss"]
[EventRounds "10"]
[EventCountry "ENG"]
[Source "lmi"]
[SourceDate "2013.01.22"]

1. d4 Nf6 2. Nf3 b6 3. Bg5 Ne4 4. Bh4 Bb7 5. e3 g6 6. c3 Bg7 7. Bd3 O-O 8. Qc2
d5 9. Nbd2 Nxd2 10. Nxd2 c5 11. f4 Qd7 12. O-O Ba6 13. dxc5 bxc5 14. e4 d4 15.
c4 Qc7 16. e5 Nc6 17. a3 Rab8 18. Ne4 Qb6 19. Rab1 f5 20. Nd2 Bb7 21. b4 cxb4
22. c5 Qa5 23. Qb3+ Kh8 24. axb4 Qc7 25. Qb2 Nxe5 26. fxe5 Bxe5 27. Rbe1 Bxh2+
28. Kh1 Bf4 29. Rxe7 Qc6 30. Be4 fxe4 31. Qxd4+ 1-0

[Event "Tradewise Gibraltar Chess Festival 2013"]
[Site "Gibraltar ENG"]
[Date "2013.01.22"]
[Round "1.26"]
[White "Allor, Chukwuka"]
[Black "Muzychuk, Anna"]
[Result "0-1"]
[WhiteElo "2154"]
[BlackElo "2582"]
[PlyCount "61"]
[EventDate "2013.01.22"]
[EventType "swiss"]
[EventRounds "10"]
[EventCountry "ENG"]
[Source "lmi"]
[SourceDate "2013.01.22"]

1. Nf3 f5 2. g3 Nf6 3. Bg2 g6 4. c4 Bg7 5. Nc3 O-O 6. d3 d6 7. Rb1 Nc6 8. b4
Nh5 9. Bd2 e5 10. b5 Ne7 11. Nd5 h6 12. Ba5 Nxd5 13. cxd5 b6 14. Bc3 a6 15. a4
f4 16. Nd2 g5 17. Qc2 Bd7 18. O-O Qe8 19. Qb3 Nf6 20. Ne4 g4 21. Qc4 axb5 22.
axb5 Nxe4 23. Bxe4 h5 24. gxf4 Rc8 25. fxe5 Bxe5 26. Bxe5 Qxe5 27. e3 h4 28.
Ra1 Rf7 29. Ra7 g3 30. f4 Qg7 31. Kh1 0-1

[Event "Tradewise Gibraltar Chess Festival 2013"]
[Site "Gibraltar ENG"]
[Date "2013.01.22"]
[Round "1.27"]
[White "Vazquez Igarza, Renier"]
[Black "Walton, Alan J"]
[Result "1-0"]
[WhiteElo "2565"]
[BlackElo "2153"]
[PlyCount "57"]
[EventDate "2013.01.22"]
[EventType "swiss"]
[EventRounds "10"]
[EventCountry "ENG"]
[Source "lmi"]
[SourceDate "2013.01.22"]

1. d4 d5 2. c4 c6 3. Nc3 e6 4. cxd5 exd5 5. Qc2 g6 6. Bf4 Bf5 7. Qd2 Bg7 8. e3
Nf6 9. f3 Nbd7 10. g4 Be6 11. Bd3 a6 12. Nge2 Qe7 13. h4 Nb6 14. h5 Nfd7 15.
O-O-O c5 16. Kb1 O-O-O 17. Rc1 c4 18. e4 dxe4 19. Nxe4 Nb8 20. Qa5 Nd5 21. Bxc4
Nc6 22. Bxa6 Nxf4 23. Rxc6+ Kb8 24. Bxb7 Qxb7 25. Rb6 Nxe2 26. Rxb7+ Kxb7 27.
Nc5+ Kc6 28. Qa6+ Kd5 29. Qb7+ 1-0

[Event "Tradewise Gibraltar Chess Festival 2013"]
[Site "Gibraltar ENG"]
[Date "2013.01.22"]
[Round "1.28"]
[White "Burrows, Martin P"]
[Black "Felgaer, Ruben"]
[Result "0-1"]
[WhiteElo "2153"]
[BlackElo "2557"]
[PlyCount "60"]
[EventDate "2013.01.22"]
[EventType "swiss"]
[EventRounds "10"]
[EventCountry "ENG"]
[Source "lmi"]
[SourceDate "2013.01.22"]

1. e4 c5 2. Nf3 d6 3. d4 cxd4 4. Nxd4 Nf6 5. Nc3 g6 6. Be3 Bg7 7. f3 O-O 8. Qd2
Nc6 9. O-O-O d5 10. exd5 Nxd5 11. Nxc6 bxc6 12. Bd4 Bxd4 13. Qxd4 Qb6 14. Na4
Qc7 15. Nc5 Rd8 16. g4 e5 17. Qd2 Qe7 18. Qf2 Be6 19. Nxe6 Qxe6 20. Bc4 Qf6 21.
Rd2 Qf4 22. Bd3 Rab8 23. Be4 Nc3 24. a3 Rxb2 25. Kxb2 Rxd2 26. Qxa7 Nxe4 27.
fxe4 Qxe4 28. Rc1 Rxh2 29. Qb8+ Kg7 30. g5 Rg2 0-1

[Event "Tradewise Gibraltar Chess Festival 2013"]
[Site "Gibraltar ENG"]
[Date "2013.01.22"]
[Round "1.29"]
[White "Dzagnidze, Nana"]
[Black "Weber, Francois"]
[Result "1-0"]
[WhiteElo "2555"]
[BlackElo "2150"]
[PlyCount "71"]
[EventDate "2013.01.22"]
[EventType "swiss"]
[EventRounds "10"]
[EventCountry "ENG"]
[Source "lmi"]
[SourceDate "2013.01.22"]

1. d4 f5 2. e4 fxe4 3. Nc3 Nf6 4. Bg5 Nc6 5. d5 Ne5 6. Qe2 Nf7 7. Bxf6 exf6 8.
Nxe4 Qe7 9. d6 Qe6 10. dxc7 Bb4+ 11. c3 Ba5 12. Nf3 O-O 13. Nd4 Qe5 14. O-O-O
a6 15. g3 Qxc7 16. Bg2 d5 17. Nd2 Bxc3 18. bxc3 Qxc3+ 19. Nc2 Bf5 20. Nb1 Qc7
21. Bxd5 Rac8 22. Rd2 Kh8 23. Bxf7 Qxf7 24. Kb2 Rfe8 25. Qd1 Be6 26. a3 f5 27.
Re1 Rc5 28. Nd4 Qf6 29. Nc3 Bf7 30. Rxe8+ Bxe8 31. Qb3 Bf7 32. Qxb7 h6 33. Qb4
Rc8 34. f4 Kh7 35. Qa5 Rc4 36. Qxf5+ 1-0